Medical-surgical nursing : (Record no. 18624)
[ view plain ]
| 000 -LEADER | |
|---|---|
| fixed length control field | 01025nam a22003017a 4500 |
| 005 - DATE AND TIME OF LATEST TRANSACTION | |
| control field | 20161018140300.0 |
| 008 - FIXED-LENGTH DATA ELEMENTS--GENERAL INFORMATION | |
| fixed length control field | 141116t2011 xxua frd 001 0 eng d |
| 020 ## - INTERNATIONAL STANDARD BOOK NUMBER | |
| International Standard Book Number | 9780130389008 |
| 020 ## - INTERNATIONAL STANDARD BOOK NUMBER | |
| International Standard Book Number | 0130389005 |
| 040 ## - CATALOGING SOURCE | |
| Original cataloging agency | EG-ScBUE |
| 082 00 - DEWEY DECIMAL CLASSIFICATION NUMBER | |
| Edition number | 22 |
| Classification number | 617.0231 |
| Item number | LEM |
| 100 1# - MAIN ENTRY--PERSONAL NAME | |
| 9 (RLIN) | 21346 |
| Personal name | LeMone, Priscilla |
| 245 10 - TITLE STATEMENT | |
| Title | Medical-surgical nursing : |
| Remainder of title | critical reasoning in patient care / |
| Statement of responsibility, etc | Priscilla LeMone, Karen Burke, Gerene Bauldoff. |
| 250 ## - EDITION STATEMENT | |
| Edition statement | 5th ed., |
| Remainder of edition statement | international ed. |
| 260 ## - PUBLICATION, DISTRIBUTION, ETC. (IMPRINT) | |
| Place of publication, distribution, etc | Upper Saddle River, United States : |
| Name of publisher, distributor, etc | Pearson, |
| Date of publication, distribution, etc | c.2011. |
| 300 ## - PHYSICAL DESCRIPTION | |
| Extent | xxvi, 1869 p. : |
| Other physical details | ill. (col.) ; |
| Dimensions | 28 cm. |
| 500 ## - GENERAL NOTE | |
| General note | Includes appendixes. |
| 500 ## - GENERAL NOTE | |
| General note | Glossary : p. 1780-1800. |
| 500 ## - GENERAL NOTE | |
| General note | Index : p. 1801-1869. |
| 650 #0 - SUBJECT ADDED ENTRY--TOPICAL TERM | |
| 9 (RLIN) | 36117 |
| Topical term or geographic name as entry element | Surgical nursing |
| 650 22 - SUBJECT ADDED ENTRY--TOPICAL TERM | |
| 9 (RLIN) | 21345 |
| Topical term or geographic name as entry element | Perioperative Nursing |
| 653 ## - INDEX TERM--UNCONTROLLED | |
| Resource For college | Nursing |
| Arrived date list | November2014 |
| 655 ## - INDEX TERM--GENRE/FORM | |
| Form subdivision | |
| -- | 34232 |
| 650 22 - SUBJECT ADDED ENTRY--TOPICAL TERM | |
| 9 (RLIN) | 20329 |
| Topical term or geographic name as entry element | Patient Care Planning |
| 700 1# - ADDED ENTRY--PERSONAL NAME | |
| 9 (RLIN) | 21347 |
| Personal name | Burke, Karen M. |
| 700 1# - ADDED ENTRY--PERSONAL NAME | |
| Personal name | Bauldoff, Gerene |
| 9 (RLIN) | 36544 |
| 942 ## - ADDED ENTRY ELEMENTS (KOHA) | |
| Source of classification or shelving scheme | Dewey Decimal Classification |
| Call number prefix | 617.0231 LEM |
| Withdrawn status | Item status | Source of classification or shelving scheme | Damaged status | Not for loan | Vendor | Home library | Current library | Shelving location | Date acquired | Source of acquisition | Cost, normal purchase price | Serial Enumeration / chronology | Total Checkouts | Full call number | Barcode | Date last seen | Date last borrowed | Cost, replacement price | Koha item type |
|---|---|---|---|---|---|---|---|---|---|---|---|---|---|---|---|---|---|---|---|
| Dewey Decimal Classification | Baccah | Central Library | Central Library | First floor | 16/11/2014 | 250.00 | 20677 | 1 | 617.0231 LEM | 000037006 | 15/07/2025 | 24/11/2014 | 312.50 | NB - Book (Non borrowing) |